LEADER 01292nas 2200397 c 450 001 996213493303316 005 20171201203845.0 035 $a(CKB)1000000000530703 035 $a(DE-599)ZDB2401111-3 035 $a(OCoLC)405857086 035 $a(DE-101)986819913 035 $a(EXLCZ)991000000000530703 100 $a20071212a20079999 |y | 101 0 $afre 135 $aur||||||||||| 181 $ctxt$2rdacontent 182 $cc$2rdamedia 183 $acr$2rdacarrier 200 00$aProjections de population active pour la France me?tropolitaine ..$fInstitut National de la Statistique et des Etudes Economiques 210 31$aParis$cINSEE$d2007- 215 $aOnline-Ressource 300 $aGesehen am 30.09.13 517 3 $aINSEE re?sultats / Projections de population 517 3 $aINSEE re?sultats / Socie?te? / Projections de population 608 $aZeitschrift$2gnd-content 608 $aStatistik$2gnd-content 676 $a310 676 $a300 712 02$aInstitut national de la statistique et des e?tudes e?conomiques$4isb 801 0$b0001 801 1$bDE-101 801 2$b9999 906 $aJOURNAL 912 $a996213493303316 996 $aProjections de population active pour la France me?tropolitaine .$92006681 997 $aUNISA LEADER 03211nas 2200517 n 450 001 990008893510403321 005 20240229084617.0 011 $a0003-2697 035 $a000889351 035 $aFED01000889351 035 $a(Aleph)000889351FED01 035 $a000889351 091 $2CNR$aP 00000822 100 $a20090724a19609999km-y0itaa50------ba 101 0 $aeng 102 $aUS 110 $aauu-------- 200 1 $aAnalytical biochemistry 207 1$a1960- 210 $aNew York$cAcademic Press 326 $aBimensile 452 0$12001$aAnalytical biochemistry 530 0 $aAnalytical biochemistry 675 $a577.12 801 0$aIT$bACNP$c20090723 859 4 $uhttp://acnp.cib.unibo.it/cgi-ser/start/it/cnr/dc-p1.tcl?catno=410&person=false&language=ITALIANO&libr=&libr_th=unina1$zBiblioteche che possiedono il periodico 901 $aSE 912 $a990008893510403321 958 $aBiblioteca. Dipartimento di Chimica. Complesso Universitario di Monte S. Angelo.$b1966-1974;$fDCH 958 $aBiblioteca Centralizzata. Facoltà di Agraria dell'Università Federico II di Napoli$b1973;$fFAGBC 958 $aBiblioteca. Dipartimento Scienza degli Alimenti. Sez. Microbiologia Agraria. Università Federico II di Napoli (Palazzo Mascabruno)$b1970-1977;$c1977;$fDAGMI 958 $aBiblioteca Interdipartimentale " G.Quagliariello " Dipartimento di biochimica e Biotecnologie mediche e Dipartimento di Biologia e Patologia cellulare e molecolare. Facoltà di Medicina e Chirurgia. Università degli Studi di Napoli "Federico II"$b1971-1991;$eDEPOSITO$fDMBBM 958 $aBiblioteca del Dipartimento di Biologia Strutturale e Funzionale.$b2000-2001;$fNAP01 959 $aDCH 959 $aFAGBC 959 $aDAGMI 959 $aDMBBM 959 $aNAP01 996 $aAnalytical biochemistry$9801631 997 $aUNINA AP1 8 $6866-01$aNA007 Biblioteca. Dipartimento di Chimica. Complesso Universitario di Monte S. Angelo.$evia Cinthia 4, 80126 Napoli (NA)$m081674497-081674488$m081674090$nit AP1 8 $6866-02$aNA087 Biblioteca Centralizzata. Facoltà di Agraria dell'Università Federico II di Napoli$ev. Università, 100 Palazzo Reale, 80055 Portici (NA)$m081-2539322$m081-7760229$nit AP1 8 $6866-03$aNA138 Biblioteca. Dipartimento Scienza degli Alimenti. Sez. Microbiologia Agraria. Università Federico II di Napoli (Palazzo Mascabruno)$ev. Università,100, Portici (NA)$m08125.39322$nit AP1 8 $6866-04$aNA175 Biblioteca Interdipartimentale " G.Quagliariello " Dipartimento di biochimica e Biotecnologie mediche e Dipartimento di Biologia e Patologia cellulare e molecolare. Facoltà di Medicina e Chirurgia. Università degli Studi di Napoli "Federico II"$bDEPOSITO$eVia Pansini, 5, 80131 Napoli (NA)$m(081) 7463014$m(081) 7463652$nit AP1 8 $6866-05$aNA247 Biblioteca del Dipartimento di Biologia Strutturale e Funzionale.$eCompl. Univ. Monte S. Angelo, Via Cintia, 80126 Napoli (NA)$m081.679220; 081.679298$m081.679233$nit AP2 40$aacnp.cib.unibo.it$nACNP Italian Union Catalogue of Serials$uhttp://acnp.cib.unibo.it/cgi-ser/start/it/cnr/df-p.tcl?catno=410&language=ITALIANO&libr=&person=&B=1&libr_th=unina&proposto=NO LEADER 04635nam 22006854a 450 001 9910829874303321 005 20230617035806.0 010 $a1-280-27646-0 010 $a9786610276462 010 $a0-470-85824-9 010 $a0-470-85823-0 035 $a(CKB)1000000000239304 035 $a(EBL)239064 035 $a(OCoLC)475950246 035 $a(SSID)ssj0000123358 035 $a(PQKBManifestationID)11141255 035 $a(PQKBTitleCode)TC0000123358 035 $a(PQKBWorkID)10006854 035 $a(PQKB)11339805 035 $a(MiAaPQ)EBC239064 035 $a(EXLCZ)991000000000239304 100 $a20050224d2005 uy 0 101 0 $aeng 135 $aur|n|---||||| 181 $ctxt 182 $cc 183 $acr 200 00$aClimate and hydrology in mountain areas$b[electronic resource] /$feditors, Carmen de Jong, David Collins, Roberto Ranzi 210 $aHoboken, NJ $cWiley$dc2005 215 $a1 online resource (351 p.) 300 $aDescription based upon print version of record. 311 $a0-470-85814-1 320 $aIncludes bibliographical references and index. 327 $aClimate and Hydrology in Mountain Areas; Contents; List of contributors; List of symbols; Abbreviations; Introduction: Climate and Hydrology in Mountain Areas; 1 Alpine Climate Change and Cryospheric Responses: An Introduction; PART I SNOW AND ICE MELT; 2 Use of Positive Degree-Day Methods for Calculating Snow and Ice Melting and Discharge in Glacierized Basins in the Langtang Valley, Central Nepal; 3 Surface Energy Balance of High Altitude Glaciers in the Central Andes: The Effect of Snow Penitentes 327 $a4 Using Subgrid Parameterisation and a Forest Canopy Climate Model for Improving Forecasts of Snowmelt Runoff5 Assessment of Snow-covered Areas Using Air Temperatures During Melt in a Mountainous Basin; PART II SOIL WATER AND PERMAFROST; 6 Permafrost Monitoring in High Mountain Areas Using a Coupled Geophysical and Meteorological Approach; 7 Effects of Frozen Soil on the Groundwater Recharge in Alpine Areas; 8 Water Balance in Surface Soil: Analytical Solutions of Flow Equations and Measurements in the Alpine Toce Valley 327 $a9 Saturated Hydraulic Conductivity and Water Retention Relationships for Alpine Mountain SoilsPART III EVAPOTRANSPIRATION AND WATER BALANCE; 10 Water Balance Modeling with Fuzzy Parameterizations: Application to an Alpine Catchment; 11 Water Relations of an Old-growth Douglas Fir Stand; 12 Comparison of Evapotranspiration and Condensation Measurements between the Giant Mountains and the Alps; 13 Climatologic and Hydrologic Coupling in the Ecology of Norwegian High Mountain Catchments; PART IV COUPLING METEOROLOGY AND HYDROLOGY; 14 Runoff and Floods in the Alps: An Overview 327 $a15 The Use of Coupled Meteorological and Hydrological Models for Flash Flood Simulation16 Operational Weather Radar Assessment of Convective Precipitation as an Input to Flood Modelling in Mountainous Basins; 17 Geomorphological Zoning: An Improvement to Coupling Alpine Hydrology and Meteorology?; PART V CLIMATE CHANGE IMPACT AND MOUNTAIN HYDROLOGY; 18 The Influence of Glacier Retreat on Water Yield from High Mountain Areas: Comparison of Alps and Central Asia; 19 Snowmelt Under Different Temperature Increase Scenarios in the Swiss Alps 327 $a20 Climate Variability, Water Resources, and Hydrologic Extremes - Modeling the Water and Energy BudgetsIndex 330 $aA comprehensive overview of interaction of the major hydrological and meteorological processes in mountain areas ie Cryosphere and Climatic Change, Snow Melt and Soil Water, Run-off and Floods, Water fluxes and Water Balance, Hydro-meteorological Coupling and Modelling. Each section will review recent research in the field and illustrate key interactions with case studies from mountainous regions in Europe, The Americas and Central Asia. 606 $aMountain climate 606 $aHydrologic cycle 606 $aClima de muntanya$2thub 606 $aCicle de l'aigua$2thub 608 $aLlibres electrònics$2thub 615 0$aMountain climate. 615 0$aHydrologic cycle. 615 7$aClima de muntanya 615 7$aCicle de l'aigua 676 $a551.432 676 $a551.69143 701 $aDe Jong$b Carmen$01678376 701 $aCollins$b David$g(David N.)$01340903 701 $aRanzi$b Roberto$0252347 801 0$bMiAaPQ 801 1$bMiAaPQ 801 2$bMiAaPQ 906 $aBOOK 912 $a9910829874303321 996 $aClimate and hydrology in mountain areas$94045979 997 $aUNINA